| 000 | 00593nam a2200169 a 4500 | ||
|---|---|---|---|
| 005 | 20140414093841.0 | ||
| 008 | 071008s19uu xx 00 eng d | ||
| 050 |
_aDVD 070 _bGMA 2005 |
||
| 100 | _aGMA | ||
| 245 |
_aThe Best of I witness : _bvolume 1 / _cGMA. |
||
| 260 |
_aQuezon City : _bFelta Multi-media, _cc2005. |
||
| 300 | _a1 videodisk | ||
| 520 | _aContents : 1. Basurero / Jay Taruc.-- 2. Huling prinsesa / Kara David.-- 3. Safari / Howie Severino.-- 4. Sa tuna't ginhawa / Sandra Aguinaldo.-- 5. Ayta / Raffy Tima. | ||
| 650 | _aDocumentary. | ||
| 942 | _cAVM | ||
| 999 |
_c109278 _d109278 |
||